000 00230nam a22000977a 4500
999 _c18989
_d18989
008 210622b xxu||||| |||| 00| 0 eng d
020 _a03043932
245 _aJournal of monetary economics
300 _a1200-1358
942 _2lcc
_cBK